00467 2200169 4500001002100000005001500021008004100036020001500077035001900092041000700111082000800118090001400126100002300140245007100163260003100234650003200265INLIS00000000000661120241224113323241224||||||||| | ||| |||| || |  a9796683458 0010-1224006611 aid0 a922 a922 TIM i0 aTim Pustaka Fathin00aIlmuwan Muslim Pembuka Cakrawala Ilmu Pengetahuan Dunia: Ibnu Sina aSolobTiga Serangkaic2006 0aibnu sina -- ilmuwan muslim